000 00338nam a22001577a 4500
003 SGT
020 _a978-81-312-1127-4
082 _a610.73691
_bC12L
100 _aLUCITA, MARY
245 _aCARDIOVASCULAR NURSING
250 _a2ND
260 _aINDIA
_bELSEVIER
_c2012
300 _a291
650 _aNURSING
942 _2ddc
_cBK
_03
999 _c10802
_d10802